| 000 | 01997nam a2200373 a 4500 | ||
|---|---|---|---|
| 001 | ebr10038672 | ||
| 003 | CaPaEBR | ||
| 006 | m u | ||
| 007 | cr cn||||||||| | ||
| 008 | 020923s2002 dcu sb 100 0 eng d | ||
| 010 | _z 2002512387 | ||
| 020 | _z0309084644 | ||
| 040 |
_aCaPaEBR _cCaPaEBR |
||
| 035 | _a(OCoLC)614734461 | ||
| 050 | 1 | 4 |
_aHE191.5 _b.N38 2002eb |
| 110 | 2 |
_aNational Research Council (U.S.). _bCommittee on National Statistics. |
|
| 245 | 1 | 0 |
_aKey transportation indicators _h[electronic resource] : _bsummary of a workshop / _cCommittee on National Statistics, Janet L. Norwood and Jamie Casey, editors ; Division of Behavioral and Social Sciences and Education, National Research Council. |
| 260 |
_aWashington, D.C. : _bNational Academy Press, _cc2002. |
||
| 300 | _ax, 41 p. | ||
| 490 | 1 | _aCompass series | |
| 500 | _a"The NRC's Committee on National Statistics and its Transportation Research Board, which conducted these studies, convened a workshop on June 13, 2000"--P. 1. | ||
| 504 | _aIncludes bibliographical references. | ||
| 520 | _a"The purpose of the Worksshop on Transportation Indicators was to discuss issues relating to transportation indicators and provide the Bureau of Transportation Statistics with new ideas for issues to address."--P. 1. | ||
| 533 |
_aElectronic reproduction. _bPalo Alto, Calif. : _cebrary, _d2013. _nAvailable via World Wide Web. _nAccess may be limited to ebrary affiliated libraries. |
||
| 650 | 0 |
_aTransportation _zUnited States _xStatistical services. |
|
| 651 | 0 |
_aUnited States _xStatistical services. |
|
| 655 | 7 |
_aElectronic books. _2local |
|
| 700 | 1 | _aCasey, Jamie. | |
| 700 | 1 | _aNorwood, Janet Lippe. | |
| 710 | 2 | _aebrary, Inc. | |
| 711 | 2 |
_aWorkshop on Key Transportation Indicators _d(2000 : _cWashington, D.C.) |
|
| 830 | 0 | _aCompass series (Washington, D.C.) | |
| 856 | 4 | 0 |
_uhttp://site.ebrary.com/lib/rucke/Doc?id=10038672 _zAn electronic book accessible through the World Wide Web; click to view |
| 999 |
_c56994 _d56994 |
||